Statistics for Word test 2 - English to swedish

Click here to take the quiz!

General Stats

  • This quiz has been taken 43 times
  • The average score is 3 of 15

Answer Stats

EngSve% Correct
WhetherOm
67%
TransatlanticTransatlantisk
46%
HollowIhålig
38%
InsensitivityOkänslighet
26%
GlanceKasta en blick på
23%
ShrugRycka på axlarna
18%
SproutGro, spira
13%
ImpracticableOgenomförbar
10%
BriskSnabb
10%
UneaseKänsla av obehag
8%
DecomposeRuttna
8%
RantSkälla och gorma
3%
WrathfullyRasande
3%
BaffledFörbryllad
3%
FlummoxedFörbluffad
3%

Score Distribution

Percentile by Number Answered

Percent of People with Each Score

Your Score History

You have not taken this quiz